রক্তে বাংলার মুখ / (Record no. 100210)
[ view plain ]
| 000 -LEADER | |
|---|---|
| fixed length control field | 00519nam a22001697a 4500 |
| 003 - CONTROL NUMBER IDENTIFIER | |
| control field | BD-DhUL |
| 005 - DATE AND TIME OF LATEST TRANSACTION | |
| control field | 20180227124821.0 |
| 008 - FIXED-LENGTH DATA ELEMENTS--GENERAL INFORMATION | |
| fixed length control field | 160822s1972 bg |||| |||| 000 0 ben d |
| 040 ## - CATALOGING SOURCE | |
| Original cataloging agency | BD-DhUL |
| Transcribing agency | BD-DhUL |
| 082 ## - DEWEY DECIMAL CLASSIFICATION NUMBER | |
| Classification number | 323.2 |
| Item number | JAR |
| 100 ## - MAIN ENTRY--PERSONAL NAME | |
| Personal name | আলম, জাহাঙ্গীর |
| 245 ## - TITLE STATEMENT | |
| Title | রক্তে বাংলার মুখ / |
| Statement of responsibility, etc. | জাহাঙ্গীর আলম |
| 260 ## - PUBLICATION, DISTRIBUTION, ETC. (IMPRINT) | |
| Place of publication, distribution, etc. | ঢাকা : |
| Name of publisher, distributor, etc. | নওরোজ, |
| Date of publication, distribution, etc. | 1972. |
| 650 ## - SUBJECT ADDED ENTRY--TOPICAL TERM | |
| Topical term or geographic name as entry element | ইতিহাস |
| 650 ## - SUBJECT ADDED ENTRY--TOPICAL TERM | |
| Topical term or geographic name as entry element | History. |
| 942 ## - ADDED ENTRY ELEMENTS (KOHA) | |
| Source of classification or shelving scheme | |
| Koha item type | Books |
| Price effective from | Date last seen | Permanent Location | Not for loan | Date acquired | Source of classification or shelving scheme | Koha item type | Lost status | Withdrawn status | Copy number | Source of acquisition | Collection code | Damaged status | Shelving location | Barcode | Current Location | Full call number |
|---|---|---|---|---|---|---|---|---|---|---|---|---|---|---|---|---|
| 2016-08-22 | 2016-08-22 | Dhaka University Library | 2016-08-22 | Books | 2 | purchased | Non Fiction | General Stacks | A83771 | Dhaka University Library | 323.2 JAR | |||||
| 2016-08-22 | 2016-08-22 | Dhaka University Library | 2016-08-22 | Books | 4 | purchased | Non Fiction | General Stacks | A83773 | Dhaka University Library | 323.2 JAR | |||||
| 2016-08-22 | 2016-08-22 | Dhaka University Library | 2016-08-22 | Books | 5 | purchased | Non Fiction | General Stacks | A83774 | Dhaka University Library | 323.2 JAR | |||||
| 2016-08-22 | 2016-08-22 | Dhaka University Library | 2016-08-22 | Books | 3 | purchased | Non Fiction | General Stacks | A83772 | Dhaka University Library | 323.2 JAR | |||||
| 2016-08-30 | 2016-08-30 | Dhaka University Library | 2016-08-30 | Books | 6 | Purchased | Non Fiction | General Stacks | A83775 | Dhaka University Library | 323.2 JAR |
